La collection FIFA World Cup Stories de FIFA 23 - Statistiques

Statistiques générales
  • Ce quiz a été pris 256 fois
  • Le résultat moyen est 9 sur 12
Statistiques - réponses
Poste + Club Pays Joueur Note % Correct
Défenseur Central - Liverpool Pays-Bas Virgil Van Dijk 92
100%
Ailier Droit - LA Galaxy Pays de Galles Gareth Bale 91
96%
Milieu Offensif Central - Manchester United Portugal Bruno Fernandes 90
93%
Ailier Gauche - Bayern Munich Canada Alphonso Davies 87
86%
Milieu Central - Juventus Turin France Adrien Rabiot 86
85%
Ailier Gauche - Manchester United Angleterre Marcus Rashford 88
83%
Buteur - (club non indiqué) Uruguay Edinson Cavani 88
74%
Défenseur Central - AC Milan Danemark Simon Kjaer 86
69%
Milieu Défensif Central - Atlético Madrid Belgique Alex Witsel 85
66%
Milieu Central - Stade Rennais Croatie Lovro Majer 85
55%
Milieu Offensif Central - Bayern Munich Allemagne Leroy Sané 88
53%
Buteur - Real Madrid Espagne Marco Asensio 89
53%
Aucun quiz correspondant
Distribution des résultats
% des personnes avec chaque résultat
Percentile par nombre de réponses
Votre historique - résultats
Vous n’avez pas pris ce quiz